UITU Library & LRC     

Process Control System Simulator Using Fieldbus Interface (DCS & Redundancy) (Record no. 33081)

MARC details
000 -LEADER
fixed length control field 00505nam a2200133Ia 4500
008 - FIXED-LENGTH DATA ELEMENTS--GENERAL INFORMATION
fixed length control field 260210s9999 xx 000 0 und d
024 ## - OTHER STANDARD IDENTIFIER
Standard number or code 09B-46-EE, 10B-57-EE, 10B-74-EE & 10B-99-EE
082 ## - DEWEY DECIMAL CLASSIFICATION NUMBER
Classification number 660.2815072 SAQ
100 ## - MAIN ENTRY--PERSONAL NAME
Personal name Saqib Maroof, Zaid Khan, Hafiz Asif Naeem & Muhammad Atif
245 #0 - TITLE STATEMENT
Title Process Control System Simulator Using Fieldbus Interface (DCS & Redundancy)
260 ## - PUBLICATION, DISTRIBUTION, ETC.
Place of publication, distribution, etc. Karachi:
Name of publisher, distributor, etc. UITU,
Date of publication, distribution, etc. 2010
600 ## - SUBJECT ADDED ENTRY--PERSONAL NAME
Personal name Electronic Engineering
650 ## - SUBJECT ADDED ENTRY--TOPICAL TERM
Topical term or geographic name entry element Bachelor of Engineering (BE)

No items available.

Powered by Koha